Surveyors beware as employment becomes legal minefield (Record no. 72750)

MARC details
000 -LEADER
fixed length control field 00951cam a2200229 4500
001 - CONTROL NUMBER
control field X122394
008 - FIXED-LENGTH DATA ELEMENTS--GENERAL INFORMATION
fixed length control field 030523n2003 000 0 eng u
035 ## - SYSTEM CONTROL NUMBER
System control number (Sirsi) u122394
100 ## - MAIN ENTRY--PERSONAL NAME
Personal name Dowling, F.
245 ## - TITLE STATEMENT
Title Surveyors beware as employment becomes legal minefield
260 ## - PUBLICATION, DISTRIBUTION, ETC.
Date of publication, distribution, etc. 2003
490 ## - SERIES STATEMENT
Series statement RICS West Midlands News
Volume/sequential designation 29 April 2003 (2)
520 ## - SUMMARY, ETC.
Summary, etc. Summarises the main provisions on the Employment Act 2003, which came into force in April 2003. The legislation increases the right to maternity leave for working mothers, establishes leave for adoptive parents and paternity leave, increases the statutory maternity pay, and introduces various other requirements of the employer.
650 ## - SUBJECT ADDED ENTRY--TOPICAL TERM
Topical term or geographic name entry element EMPLOYMENT ACT 2002
650 ## - SUBJECT ADDED ENTRY--TOPICAL TERM
Topical term or geographic name entry element EMPLOYMENT LAW
650 ## - SUBJECT ADDED ENTRY--TOPICAL TERM
Topical term or geographic name entry element EMPLOYMENT RIGHTS
650 ## - SUBJECT ADDED ENTRY--TOPICAL TERM
Topical term or geographic name entry element MATERNITY LEAVE
650 ## - SUBJECT ADDED ENTRY--TOPICAL TERM
Topical term or geographic name entry element PATERNITY RIGHTS
650 ## - SUBJECT ADDED ENTRY--TOPICAL TERM
Topical term or geographic name entry element WORKING CONDITIONS
690 ## - LOCAL SUBJECT ADDED ENTRY--TOPICAL TERM (OCLC, RLIN)
Topical term or geographic name as entry element MANAGEMENT-BUSINESS MANAGEMENT
942 ## - ADDED ENTRY ELEMENTS (KOHA)
Suppress in OPAC 0
Holdings
Withdrawn status Lost status Source of classification or shelving scheme Damaged status Not for loan Home library Current library Shelving location Date acquired Total Checkouts Full call number Barcode Date last seen Copy number Price effective from Koha item type
    Dewey Decimal Classification     Virtual Virtual Online 23/05/2003   ONLINE PUBLICATION 122394-1001 06/08/2019 1 06/08/2019 Journal article